Very Difficult Flags #8 - Statistics

General Stats
  • This quiz has been taken 115 times
  • The average score is 7 of 16
Answer Stats
Picture Answer % Correct
Malaysia
95%
Mali
87%
Cook Islands
75%
French Polynesia
68%
Mississippi
57%
Newfoundland and Labrador
42%
Sulawesi
42%
Crimea
39%
Cueta
33%
Tierra Del Fuego
30%
Toronto
30%
Riyadh
24%
Crete
17%
St. Petersburg
15%
Straight (Heterosexual)
14%
Pittsburg
6%
No matching quizzes found
Score Distribution
Percent of People with Each Score
Percentile by Number Answered
Your Score History
You have not taken this quiz